| 000 | 00544nam a22001817a 4500 | ||
|---|---|---|---|
| 003 | LK-CoDNM | ||
| 005 | 20240202120434.0 | ||
| 008 | 240202b |||||||| |||| 00| 0 eng d | ||
| 020 | _a9786240020435 | ||
| 040 |
_aLK-CoDNM _dLK-CoDNM _eLK-CoDNM |
||
| 041 | _asin | ||
| 080 |
_a294.3 _bDIS |
||
| 100 | _aදිසානායක,ඩිලූ | ||
| 245 | _aබෞද්ධයාගේ වීරයා - මහ බෝධිසත්ත්වයෝ | ||
| 260 |
_aColombo _bS.Godage Saha Sahodarayo _c2023 |
||
| 300 | _a172p.,21cm | ||
| 942 | _cBK | ||
| 999 |
_c144818 _d144818 |
||